[Event "ZMDI Open 2018"]
[Site "Dresden"]
[Date "2018.08.08"]
[Round "5.4"]
[White "Onischuk, Vladimir"]
[Black "Gajek, Radoslaw"]
[Result "0-1"]
[WhiteElo "2627"]
[BlackElo "2444"]
[Annotator "TA"]
[PlyCount "120"]
[EventDate "2018.08.04"]
[EventType "swiss"]
[EventCountry "GER"]
[SourceTitle "playchess.com"]
[Source "ChessBase"]
[SourceQuality "1"]

{[%evp 20,120,22,18,22,21,25,0,0,-18,-16,-31,-17,-31,-25,-29,-20,-11,0,0,8,0,30,20,22,28,22,0,0,0,0,0,0,0,21,19,27,20,17,28,30,31,34,30,36,36,93,64,65,75,70,66,76,92,88,77,89,98,173,168,326,299,190,206,181,30,30,30,30,0,26,0,0,-143,-105,-103,-93,-95,-83,-156,-146,-151,-143,-471,-489,-481,-478,-1161,-537,-1040,-1012,-2199,-302,-1352,-8,-1499,-464,-432,-8,-319,-8,-210,0]} 1. Nf3 d5 2. g3 Nf6 3. Bg2 c6 4. d3 Bf5 5. O-O e6 6. Nbd2 Be7 7. b3 O-O 8. Bb2 h6 9. Re1 Nbd7 {A07: Réti Opening: New York and Capablanca Systems} (9... a5 10. e4 Bh7 11. a3 Na6 12. Qe2 Rc8 13. Ne5 Nc5 14. Rad1 Nfd7 15. Ng4 Nf6 16. h3 b5 17. Kh2 Nxg4+ 18. hxg4 dxe4 19. Nxe4 {½-½ (47) Sasikiran,K (2682)-Tomashevsky,E (2745) Tsaghkadzor 2015}) 10. e4 Bh7 11. Qe2 {LiveBook: 19 Games} Nc5 $146 {The position is equal.} ({Predecessor:} 11... a5 12. a4 Nc5 13. e5 Nfd7 14. Nd4 Qb6 15. Kh1 Rae8 16. f4 f6 {1-0 (54) Anton Guijarro,D (2627)-Tejedor Fuente,E (2377) Linares 2016}) 12. exd5 cxd5 13. Nd4 Rc8 14. a3 Re8 15. Bh3 Bf8 16. f4 Qb6 17. N2f3 Na4 18. Bc1 $1 Nc3 19. Qf2 Nd7 20. Be3 {Hoping for Nxe6.} Qd6 21. Bd2 a6 22. a4 Rc7 23. Rf1 Qb4 24. Rae1 Bc5 25. Kh1 Nf6 26. Be3 b5 27. axb5 Nxb5 28. Ra1 Nxd4 29. Bxd4 Bf5 30. Bxf5 exf5 31. h3 Nh5 {And now ...Re2! would win.} 32. Kg2 Re6 (32... a5 $14) 33. Ra4 Qb6 34. Bxc5 Rxc5 35. b4 Rc3 36. Qxb6 $1 Rxb6 37. Nd4 g6 38. Re1 Ng7 {[#]} (38... Kf8 $16 {keeps fighting.}) 39. b5 $1 $18 {[%cal Rb5a6]} axb5 $2 (39... a5) 40. Ra8+ Kh7 41. Re7 {[%mdl 1024] White has strong compensation.} Rf6 {[#]} 42. Rf8 $2 ({White has to play} 42. h4 $1 $18) 42... b4 $1 $11 43. Rb7 {Black must now prevent h4.} g5 44. Rbb8 b3 45. Rh8+ Kg6 46. cxb3 (46. Rxb3 $11 {keeps the balance.} Rxb3 47. Nxb3 (47. cxb3 Rb6 $11)) 46... Ra6 47. Ra8 Rxa8 48. Rxa8 Rxd3 $17 {[%mdl 4096] Endgame KRN-KRN} 49. Nf3 ({White should play} 49. Nc6 Kf6 50. fxg5+ hxg5 51. Nb4 Rd2+ 52. Kf3) 49... Rxb3 50. Ne5+ Kf6 {Threatens to win with ...gxf4.} 51. Rh8 $2 {[%mdl 8192]} (51. Nd7+ $17 {is more resistant.} Ke7 52. Ra7) 51... gxf4 $19 52. gxf4 Ne6 53. Z0 (53. Rxh6+ $142 Kg7 54. Rh4) 53... h5 (53... Nxf4+ $142 54. Kf1 Kxe5 55. Rxh6 Nxh3) 54. Rh6+ Kg7 55. Kf2 Nc5 $2 (55... Kxh6 56. Nxf7+ Kg6 57. Ne5+ Kf6) 56. Ke2 $2 (56. Rxh5 f6 57. Nc6) 56... Re3+ $2 (56... Kxh6 $19 57. Nxf7+ Kg7) 57. Kd1 $2 {[%mdl 8192]} (57. Kxe3 $11 Kxh6 58. Nxf7+ Kg6 59. Nd6) 57... Ne4 (57... Kxh6 $142 58. Nxf7+ Kg6 59. Ne5+ Kf6) 58. Rxh5 Kg8 $2 ({Black should try} 58... d4 $19 59. Rxf5 f6) 59. h4 $2 {[%mdl 8192]} (59. Rxf5 $11 {and White is okay.} d4 60. h4) 59... Z0 $2 (59... f6 $19 60. Rxf5 fxe5 61. fxe5 Kg7) 60. Nc6 $2 (60. Rxf5 $11 d4 61. Rxf7) 60... Z0 $2 {[%mdl 32768] Precision: White = 37%, Black = 43%. . Loss on Time!?} (60... Kg7 $19 61. Rxf5 f6) 0-1

[Event "ZMDI Open 2018"]
[Site "Dresden"]
[Date "2018.08.08"]
[Round "5.5"]
[White "Gschnitzer, Oswald"]
[Black "Kovchan, Alexander"]
[Result "0-1"]
[WhiteElo "2389"]
[BlackElo "2566"]
[Annotator "ChessBase"]
[PlyCount "54"]
[EventDate "2018.08.04"]
[EventType "swiss"]
[EventCountry "GER"]
[SourceTitle "playchess.com"]
[Source "ChessBase"]
[SourceQuality "1"]
[TimeControl "40/5400+30:1800+30"]

1. Nf3 {[%emt 1:29:36]} c5 {[%emt 1:30:15]} 2. c4 {[%emt 1:29:45]} Nc6 {[%emt 1:30:24]} 3. Nc3 {[%emt 1:28:17]} Nf6 {[%emt 1:30:37]} 4. g3 {[%emt 1:27:19]} g6 {[%emt 1:30:24]} 5. Bg2 {[%emt 1:26:33]} Bg7 {[%emt 1:30:37]} 6. O-O {[%emt 1:26:15]} h5 {[%emt 1:29:44]} 7. a3 {[%emt 1:14:02]} d6 {[%emt 1:27:22]} 8. b4 {[%emt 1:05:54]} cxb4 {[%emt 1:20:28]} 9. axb4 {[%emt 1:06:19]} Nxb4 {[%emt 1:20:24]} 10. Qa4+ {[%emt 1:02:58]} Nc6 {[%emt 1:20:27]} 11. Nd4 {[%emt 1:02:16]} Bd7 {[%emt 1:20:20]} 12. Nxc6 {[%emt 1:02:30]} bxc6 {[%emt 1:20:38]} 13. Bxc6 {[%emt 1:02:40]} h4 {[%emt 1:19:52]} 14. Bb2 {[%emt 0:52:54]} hxg3 {[%emt 0:55:33]} 15. hxg3 {[%emt 0:52:31]} Qb6 {[%emt 0:30:09]} 16. Bxd7+ {[%emt 0:50:06]} Nxd7 {[%emt 0:28:22]} 17. Rab1 {[%emt 0:21:00]} Qb7 {[%emt 0:28:08]} 18. f3 {[%emt 0:19:23]} Kf8 {[%emt 0:27:36]} 19. Ba1 {[%emt 0:16:03]} Qc8 {[%emt 0:26:31]} 20. Nd5 {[%emt 0:10:22]} Nc5 {[%emt 0:26:22]} 21. Bxg7+ {[%emt 0:10:32]} Kxg7 {[%emt 0:26:48]} 22. Qa1+ {[%emt 0:10:57]} e5 {[%emt 0:26:27]} 23. Rf2 {[%emt 0:09:13]} Nb3 {[%emt 0:21:13]} 24. Qb2 {[%emt 0:05:44]} Nxd2 {[%emt 0:20:03]} 25. Rc1 {[%emt 0:03:52]} Nxc4 {[%emt 0:19:52]} 26. Qc3 {[%emt 0:03:27]} Qh3 {[%emt 0:19:43]} 27. Rg2 {[%emt 0:03:53]} Rac8 {[%emt 0:20:01]} 0-1

[Event "ZMDI Open 2018"]
[Site "Dresden"]
[Date "2018.08.08"]
[Round "5.6"]
[White "Vaibhav, Suri"]
[Black "Kaasen, Tor Fredrik"]
[Result "1-0"]
[WhiteElo "2561"]
[BlackElo "2377"]
[Annotator "TA"]
[PlyCount "151"]
[EventDate "2018.08.04"]
[EventType "swiss"]
[EventCountry "GER"]
[SourceTitle "playchess.com"]
[Source "ChessBase"]
[SourceQuality "1"]

{[%evp 22,151,0,0,58,14,31,6,73,83,74,44,193,195,164,149,214,222,220,145,221,195,171,191,196,114,130,110,189,111,288,136,152,142,116,118,125,130,129,61,43,51,92,-113,-143,-431,-429,-1280,-1331,-1054,-1051,-29992,-29993,-29993,-29992,-29992,-29986,-29991,-29992,-29992,-29992,-29992,-171,-144,-86,-54,-58,0,0,-96,0,0,0,0,0,0,0,0,313,177,474,70,65,70,61,64,69,8,14,0,8,0,53,71,63,0,8,0,0,0,0,0,47,36,45,0,0,0,205,0,0,0,0,0,54,0,350,327,2061,1613,29961,29962,29974,29975,12834,6079,29990,29991,29991,29992,29992,29993]} 1. c4 e6 2. g3 Nf6 3. Bg2 d5 4. Nf3 d4 5. O-O c5 6. e3 Nc6 7. exd4 cxd4 8. d3 Bd6 {A13: Reti-Eröffnung} 9. Na3 (9. Bg5 h6 10. Bxf6 Qxf6 11. Nbd2 Qe7 12. Rc1 O-O 13. Re1 Rd8 14. Qc2 a5 15. c5 Bc7 16. a3 {½-½ (41) Oparin,G (2587)-Matlakov,M (2699) Yaroslavl 2018}) 9... O-O 10. Nc2 e5 11. b4 {[%cal Bb2b4,Bb4b5,Bb5b6][%mdl 32]} Re8 12. Re1 {LiveBook: 4 Partien} a5 $146 (12... a6 $11) ({Vorgänger:} 12... h6 13. b5 Nb8 14. c5 Bxc5 15. Nxe5 Nbd7 16. Nf3 {0-1 (40) Pavlov,S (2485)-Bogner,S (2588) Batumi 2018}) 13. b5 Nb4 14. Bg5 Bd7 (14... h6 $11 {hält das Gleichgewicht.} 15. Bxf6 Qxf6) 15. Nxb4 $16 axb4 16. c5 Bc7 (16... Bxc5 $14 17. Nxe5 Bd6 18. Bxf6 (18. Nxd7 Rxe1+ 19. Qxe1 Qxd7 $14) 18... gxf6) 17. b6 $18 Bb8 18. Nd2 $36 {[%mdl 2048] Weiss ist am Drücker.} Qc8 19. Bxf6 $1 gxf6 20. Nb3 Bc6 (20... Kg7 $16 {war nötig.} 21. Qh5 h6) 21. Qh5 Bxg2 22. Kxg2 f5 23. Qf3 (23. Qg5+ $6 Kh8 $16) (23. Kg1 $18) 23... Qd7 24. Re2 Kh8 {[#]} (24... Kg7 $16 {kämpft weiter.}) 25. Rae1 (25. c6 $1 $18 {[%mdl 512]} bxc6 26. Rc1) 25... Rg8 $2 (25... Kg7 $16) 26. Rc1 (26. Rxe5 $18 {ist der präzise Gewinnweg.} Bxe5 27. Rxe5) 26... Rg6 $16 27. Rc4 f4 28. Rec2 $1 Rh6 {Weiss muss nun ...e4! beachten.} 29. Kg1 Qh3 30. Qg2 (30. c6 $1 $16 {[%cal Rc6b7]} Qxh2+ 31. Kf1) 30... Qg4 $1 $14 31. Nd2 b3 32. Nxb3 $2 (32. Qxb7 $6 bxc2 33. Qxa8 Qd1+ 34. Nf1 Rh5 $18) (32. axb3 $16 {und es läuft.} Qd1+ 33. Qf1) 32... e4 $1 $17 (32... Qd1+ 33. Qf1 $14) 33. dxe4 $2 {[%mdl 8192]} (33. Nxd4 Qd1+ 34. Qf1 Qh5 $14) (33. Nd2 $17 Qd1+ 34. Qf1) 33... fxg3 $1 $19 34. f3 (34. fxg3 $142 Bxg3 35. hxg3 (35. Qxg3 $2 Qd1+ 36. Kg2 Rf6 $19) 35... Qd1+ 36. Qf1 Rh1+ 37. Kxh1 Qxf1+ 38. Kh2 Rxa2 39. Rxa2 Qxc4 40. c6 Qxc6 41. Nxd4 Qxe4 42. Ne2) 34... gxh2+ 35. Kh1 Qh4 36. Qf2 {[#]} Rg6 $1 {[%mdl 512]} 37. Qxd4+ Kg8 38. Rc1 Rg1+ 39. Rxg1+ hxg1=Q+ 40. Kxg1 Qe1+ 41. Kg2 Qg3+ $2 (41... Rxa2+ {setzt Matt} 42. Rc2 Rxc2+ 43. Nd2 Rxd2+ 44. Qxd2 Qxd2+ 45. Kh3 Qh2+ 46. Kg4 Qf4+ 47. Kh5 h6 48. e5 Qg5#) 42. Kf1 Qh3+ (42... Qxf3+ $142 43. Qf2 Qd1+ 44. Qe1 Qh5) 43. Ke2 $17 Rxa2+ 44. Ke3 Qg3 {[#] ( -> ...Lf4+)} 45. Qd1 (45. e5 $1 $11 {[%mdl 512] bleibt in der Remisbreite.} Qe1+ (45... Bxe5 46. Qd8+) 46. Kf4) 45... Qf2+ (45... Be5 $1 $17 {...Df2+ ist eine echte Drohung.} 46. Kd3 Ra8) 46. Kd3 $11 Bf4 {[%csl Gf4][%cal Rf2e3]} 47. Rd4 Be5 48. Rd7 Ra4 49. Rxb7 Qb2 $2 {[%mdl 8192]} (49... Bd4 $11 50. Qe2 Qg1) 50. Qc2 (50. Ra7 $142 Rb4 51. Qg1+ Kf8 52. Ra8+ Ke7 53. Qg5+ Bf6 54. Ra7+ Kf8 55. Qh6+ Ke8 56. Ra8+ Kd7 57. Nd2 Qc3+ 58. Ke2) 50... Qa3 $2 (50... Rd4+ 51. Nxd4 Qxd4+ 52. Ke2 Bf4) 51. Ra7 $2 (51. Ke2 $1 $18) 51... Rxa7 $14 52. bxa7 Qxa7 53. Ke3 Qd7 54. c6 (54. Qd2 $14 Qc7 55. Qg2+ Bg3 56. Qa2) 54... Qh3 55. Qc5 Qg3 56. Ke2 Qh2+ (56... Qg2+ $11 57. Ke3 (57. Qf2 Qg6 $14) 57... Qb2) 57. Kd3 {Und Sd4 würde nun gewinnen.} Qb2 58. Nd2 (58. Nd4 $14 Bc7 59. Nf5 Qb1+ 60. Ke2 Qb2+ 61. Kf1 Qb1+ 62. Kg2 Qb2+ 63. Qf2) 58... Bf4 $11 59. Qc3 Qb5+ 60. Kc2 Qa4+ 61. Nb3 Qa2+ 62. Kd3 {zielt auf e5 ab.} Qa6+ 63. Kd4 {Droht e5 und aus.} (63. Qc4 $5 {[%cal Rc4a6]} Qb6 64. Nd4 $16) 63... Qb6+ 64. Kd5 {Und weiter mit e5 wäre nett.} Qb8 $2 (64... Qd8+ $1 $11 65. Kc5 (65. Kc4 Qd6 $14) 65... Qd6+ 66. Kb5 h5) 65. Kc4 $2 (65. e5 $1 $18 f6 66. exf6) 65... Qd6 66. Kb5 {Droht stark Dd4.} Qb8+ 67. Ka4 h5 ({Günstiger ist} 67... Qa8+ $11 68. Na5 Bc7) 68. Nc5 (68. Qf6 $14) 68... h4 $2 {[%mdl 8192]} (68... Qa8+ $11 {und Schwarz steht sicher.} 69. Kb5 Qb8+ 70. Ka4 Qa8+ 71. Kb5 Qb8+ 72. Kc4 Qd6) 69. Nd7 $18 Qa8+ $2 (69... Qd6 70. e5 Qd1+ 71. Kb5 Bg5 72. Nf6+ Bxf6 73. exf6 Qd5+ 74. Qc5 Qd3+ 75. Kb6 Qb1+ 76. Qb5 Qg6) 70. Kb5 h3 71. Nf6+ Kf8 {[#]} 72. Qc5+ $1 Kg7 {[#]} 73. Nh5+ $1 Kg8 74. Qg1+ {Weiß setzt Matt.} Kf8 75. Qg7+ Ke7 76. Qf6+ {Precision: Weiß = 40%, Schwarz = 42%.} 1-0

[Event "ZMDI Open 2018"]
[Site "Dresden"]
[Date "2018.08.09"]
[Round "6.1"]
[White "Li, Chao b"]
[Black "Vaibhav, Suri"]
[Result "0-1"]
[WhiteElo "2714"]
[BlackElo "2561"]
[Annotator "TA"]
[PlyCount "100"]
[EventDate "2018.08.04"]
[EventType "swiss"]
[EventCountry "GER"]
[SourceTitle "playchess.com"]
[Source "ChessBase"]
[SourceQuality "1"]

{[%evp 10,100,9,-2,34,23,24,24,56,39,68,37,43,35,45,43,114,109,110,100,94,99,89,110,92,70,72,55,60,-54,-54,-104,-125,-120,-129,-150,-136,-136,-136,-136,-136,-136,-136,-134,-131,-131,-139,-136,-130,-149,-123,-156,-156,-156,-153,-140,-129,-143,-143,-190,-183,-196,-191,-176,-210,-208,-223,-337,-325,-360,-362,-375,-351,-489,-479,-680,-688,-687,-658,-710,-730,-1345,-1318,-4133,-4133,-29981,-29982,-29982,-29983,-29983,-29984,-29984,-29985]} 1. e4 c6 2. d4 d5 3. f3 e6 4. Nc3 Bb4 5. Bf4 Ne7 6. Nge2 {LiveBook: 29 Partien. B12: Caro-Kann (Vorstoß-Variante)} (6. Qd3 b6 7. Nge2 Ba6 8. Qe3 Nd7 9. a3 Bxc3+ 10. Nxc3 Bxf1 11. Rxf1 O-O 12. Kf2 dxe4 13. fxe4 {½-½ (54) Kuzmicz,K (2460)-Rodshtein,M (2699) Katowice 2017}) 6... b6 7. a3 Bd6 8. Qd2 {Weiß hat minimalen Vorteil.} Ba6 9. O-O-O O-O 10. h4 Bxf4 11. Qxf4 $146 ({Vorgänger:} 11. Nxf4 Bxf1 12. Rdxf1 Nd7 13. g4 c5 14. exd5 cxd4 15. dxe6 Nc5 16. Nb5 fxe6 17. Nxd4 {½-½ (17) Yogesh,G (2243)-Nguyen,P (2444) Warsaw 2017}) 11... Nd7 12. h5 h6 (12... Bxe2 $14 13. Bxe2 Rc8) 13. g4 $1 $16 c5 14. exd5 Nxd5 15. Nxd5 exd5 16. Nc3 Bb7 17. Kb1 Qf6 18. Qc7 Bc6 19. Ba6 (19. Bb5 $14 Bxb5 20. Nxb5) 19... cxd4 $15 20. Ne2 {[#]} d3 $1 {[%cal Rd3c2]} 21. Bxd3 {[#]} Ne5 $1 $36 {[%mdl 2048] Läuft bei Schwarz.} 22. Ba6 Rfe8 (22... Nxf3 23. Ng3 $15) 23. f4 Nxg4 24. Nd4 Ba4 25. Rd2 Re4 26. Bc8 {Droht stark Db7.} Qxf4 ({Bloß nicht} 26... Rxf4 27. Qb7 $11) 27. Qxf4 Rxf4 28. Ne2 Rc4 29. Bb7 Re8 30. b3 Rc7 31. Bxd5 Bc6 32. Bxc6 Rxc6 33. Ng3 Nf6 34. b4 Rc3 35. Nf5 Rf3 36. Nd6 Re5 37. Kb2 Rxh5 38. Rhd1 (38. Re1 $142) 38... g5 $19 {[%cal Bg7g5,Bg5g4,Bg4g3][%mdl 32]} 39. Nc8 g4 40. Nxa7 g3 41. a4 {[#]} Rd5 $1 {[%mdl 512]} 42. Nc8 ({Lieber nicht} 42. Rxd5 Nxd5 43. a5 (43. Rxd5 $2 g2 $19) 43... Ne3 $19) (42. Nc6 $142 Rxd2 43. Rxd2) 42... Rxd2 43. Rxd2 {[%mdl 4096] Endspiel KTS-KTS} Ne4 44. Rg2 h5 45. Nxb6 h4 {Und weiter mit ...h3 wäre nett.} 46. a5 h3 47. a6 hxg2 {Schwarz setzt Matt.} 48. a7 g1=Q 49. a8=Q+ Kg7 50. Qxe4 Qxb6 {Precision: Weiß = 52%, Schwarz = 83%.} 0-1

[Event "ZMDI Open 2018"]
[Site "Dresden"]
[Date "2018.08.09"]
[Round "6.2"]
[White "Gajek, Radoslaw"]
[Black "Romanov, Evgeny"]
[Result "1-0"]
[WhiteElo "2444"]
[BlackElo "2628"]
[Annotator "TA"]
[PlyCount "59"]
[EventDate "2018.08.04"]
[EventType "swiss"]
[EventCountry "GER"]
[SourceTitle "playchess.com"]
[Source "ChessBase"]
[SourceQuality "1"]

{[%evp 9,59,16,35,39,37,35,68,29,38,49,45,41,94,80,76,75,64,49,87,54,72,61,95,77,54,54,60,25,25,24,46,22,23,12,14,27,170,169,174,165,154,137,947,925,1039,1010,1477,1462,29992,29993,29994,29995]} 1. d4 d5 2. Nf3 e6 3. c4 Bb4+ 4. Bd2 a5 5. g3 Nc6 {LiveBook: 3 Games} 6. a3 {D30: Queen's Gambit Declined: Systems without Nc3} Be7 $146 ({Predecessor:} 6... Bxd2+ 7. Nbxd2 Qf6 8. e3 Nge7 9. Bg2 O-O 10. O-O a4 11. Qc2 Bd7 12. Rfe1 {1-0 (21) Nogueiras Santiago,J (2575)-Short,N (2650) Rotterdam 1989}) 7. Qc2 Bf6 8. Bg2 {White is slightly better.} Nge7 9. e3 dxc4 10. Nc3 b6 (10... Nf5 $14) 11. Ne4 $16 Ba6 12. Nxf6+ gxf6 13. O-O Qd7 14. Rfd1 O-O-O 15. e4 e5 16. Bc3 {[%cal Bd2c3,Bc3d4,Bd4e5][%mdl 32]} exd4 17. Nxd4 {Ne2 is the strong threat.} Nxd4 18. Bxd4 Qe6 $1 19. Qc3 Rd6 $1 20. e5 fxe5 21. Bxe5 Rxd1+ 22. Rxd1 Re8 (22... Rd8 $1 $11 {and Black is okay.} 23. Re1 Nd5) 23. Qf3 $1 $36 {[%cal Rf3a8][%mdl 3072] White has strong compensation. Keeping Black busy.} c6 24. Qh5 $1 Qg6 {[#]} 25. Qh3+ $1 f5 $2 {[%mdl 8192]} (25... Qe6 $16) 26. Rd6 Qg8 27. Qh6 {Rxc6+ would kill now.} Bb7 28. Bxc6 Ng6 29. Bxb7+ Kxb7 {[#]} 30. Qe3 $1 {Precision: White = 79%, Black = 29%.} 1-0

[Event "ZMDI Open 2018"]
[Site "Dresden"]
[Date "2018.08.09"]
[Round "6.3"]
[White "Popovic, Dusan"]
[Black "Papp, Gabor"]
[Result "1-0"]
[WhiteElo "2518"]
[BlackElo "2597"]
[Annotator "TA"]
[PlyCount "61"]
[EventDate "2018.08.04"]
[EventType "swiss"]
[EventCountry "GER"]
[SourceTitle "playchess.com"]
[Source "ChessBase"]
[SourceQuality "1"]

{[%evp 28,60,-20,-35,-24,-21,-8,-29,-13,-17,0,-6,138,131,131,135,254,261,358,359,352,324,813,807,798,446,767,743,676,445,1866,2018,29988,29989,29999]} 1. Nf3 Nf6 2. g3 d5 3. Bg2 e6 4. O-O Be7 5. d3 c5 6. Nbd2 {[%cal Bb1d2,Bd2f1,Bf1h2,Bh2g4][%mdl 32]} Nc6 7. e4 {[%cal Be2e4,Be4e5][%mdl 32]} O-O 8. Re1 b5 9. e5 Nd7 10. Nf1 b4 11. h4 a5 12. h5 {C00: French: Unusual White 2nd moves} (12. Bf4 a4 13. a3 bxa3 14. bxa3 Re8 15. Ne3 Bb7 16. h5 Bf8 17. Rb1 Rb8 18. c4 dxc4 19. dxc4 Qc7 20. Qxa4 Nd4 21. Nd2 Bxg2 22. Nxg2 {½-½ (38) Giri,A (2785)-So,W (2815) chess.com INT 2017}) 12... h6 13. N1h2 Re8 14. Ng4 Bf8 15. Bf4 {LiveBook: 5 Games} Ba6 16. c4 bxc3 17. bxc3 Rb8 18. c4 $146 ({Predecessor:} 18. Qd2 Kh7 19. Rab1 Rxb1 20. Rxb1 {0-1 (35) Smith,B (2467)-Papp,G (2594) Zalakaros 2015}) 18... dxc4 19. dxc4 Nd4 (19... Kh8 $11) 20. Nxd4 $16 cxd4 {[#]} 21. Re4 $1 {[%cal Re4d4]} (21. Qxd4 Nb6 $15) 21... Bc5 {[#]} (21... d3 $16) 22. Bxh6 $1 $18 {[%mdl 512]} Bb7 (22... gxh6 23. Nxh6+ Kg7 24. Rg4+ Kf8 {[#]} 25. Nxf7 $1 $16 {[%mdl 512]}) ({Weaker is} 22... Bxc4 23. Rf4 $14) 23. Rf4 Bxg2 24. Kxg2 Kh8 $2 (24... Bf8 25. Rxd4 Rb7) 25. Rxf7 gxh6 26. Qd2 Bf8 (26... Qg5 $142 27. Qxg5 hxg5) 27. Qd3 {[%csl Gf7][%cal Rd3h7]} Bg7 28. Qg6 {[%csl Gf7][%cal Rg6g7]} Rg8 (28... Qg5 $142 29. Rxg7 Qxg6 30. Rxg6 Nf8 31. Rxh6+ Kg7) 29. Nf6 {[%csl Gf6][%cal Rg6h7]} Nf8 30. Rxf8 $1 Qxf8 31. Qh7# {Precision: White = 82%, Black = 17%.} 1-0

[Event "ZMDI Open 2018"]
[Site "Dresden"]
[Date "2018.08.09"]
[Round "6.4"]
[White "Parvanyan, Ashot"]
[Black "Heimann, Andreas"]
[Result "0-1"]
[WhiteElo "2430"]
[BlackElo "2590"]
[Annotator "TA"]
[PlyCount "174"]
[EventDate "2018.08.04"]
[EventType "swiss"]
[EventCountry "GER"]
[SourceTitle "playchess.com"]
[Source "ChessBase"]
[SourceQuality "1"]

{[%evp 23,174,-53,0,0,0,0,-1,-38,-19,-26,-33,-33,-18,-33,-33,-33,12,9,39,39,35,0,0,-3,-1,-12,-18,-73,-73,-73,-73,-73,-70,-68,-66,-81,-75,-70,-39,-40,-45,-45,-45,-45,-33,-29,-18,-31,-14,-14,-14,-16,-29,-23,-15,-39,-39,-45,-15,-16,-15,-39,-39,-45,-45,-45,-44,-44,-28,-44,-44,-44,-44,-44,-44,-44,-44,-44,-44,-45,-49,-96,-39,-49,0,-114,0,-45,-45,-45,-45,-45,-45,-70,-62,-62,-62,-62,-62,-62,-62,-77,-62,-84,0,-74,-62,-143,-148,-120,-127,-225,-248,-248,-200,-200,-207,-248,-200,-200,-200,-200,-200,-248,-248,-248,-248,-309,-296,-458,-431,-462,-413,-379,-377,-420,-392,-462,-450,-458,-415,-460,-343,-658,-572,-1188,-1101,-29985,-29986,-29990,-29991,-29991,-1275]} 1. e4 e5 2. Nf3 Nc6 3. d4 exd4 4. Nxd4 Nf6 5. Nxc6 bxc6 6. e5 Qe7 7. Qe2 Nd5 8. c4 Ba6 9. Nd2 g6 10. Nf3 {C45: Scotch Game} Qb4+ 11. Kd1 Ne7 12. Qc2 Bg7 {LiveBook: 4 Games} ({Better is} 12... c5 $15) 13. Bd2 $146 ({Predecessor:} 13. Qb3 c5 14. Qxb4 cxb4 15. Bd3 O-O 16. Re1 Nc6 17. Kc2 d5 18. cxd5 Bxd3+ 19. Kxd3 {1-0 (42) Morozevich,A (2731)-Matlakov,M (2685) St Petersburg 2014}) 13... Qb6 14. c5 Qb7 15. Rc1 Bxf1 16. Rxf1 O-O 17. Re1 Nd5 18. Re4 Rfe8 19. Ke1 f5 20. Re2 $1 Rab8 21. b3 Qa6 22. Qc4 Qxa2 23. Bb4 $1 {[#]} Qxe2+ $1 {[%mdl 512]} 24. Qxe2 Rxb4 25. Qd3 (25. Kf1 $11) 25... Bxe5 $17 26. Nxe5 Rxe5+ 27. Kf1 Re8 28. Rc4 {[#] aiming for Rxb4.} Rb5 29. g3 Reb8 30. b4 a5 31. bxa5 Rxa5 32. h4 Ra1+ 33. Kg2 Ra2 {Hoping for ...Rbb2.} 34. Rc2 Rxc2 35. Qxc2 $11 {[%mdl 4096] Endgame KQ-KRN} h5 36. Qd2 Kg7 37. Qd4+ Kf7 38. Qd2 Rh8 39. Qd4 Re8 40. Qa4 Kg7 41. Qd4+ Kh7 42. Kf3 Kg8 43. Qa1 Kf7 44. Qb2 Ra8 45. Qc1 Ra5 46. Qh6 Nf6 47. Qc1 Rb5 48. Kg2 Rb4 49. Qd2 Re4 50. Qa5 Re5 51. Qc3 Rd5 52. Qc1 Ng4 (52... Ne8 $17) 53. Qc4 Nf6 ({Black should play} 53... Nh6 $15) 54. Qc1 $1 $17 Kg7 ({Black should try} 54... Ne8 $17) 55. Qc3 f4 56. gxf4 Rf5 57. f3 Kf7 58. Kg3 Rxf4 59. Qe5 Rf5 60. Qxc7 Rxc5 61. Qa7 Rf5 62. Qa2+ Kg7 63. Qe2 Kf7 64. Qa2+ $1 Rd5 65. Qa8 (65. Qc4 $15) 65... Ne8 66. Qd8 Ng7 67. Qb6 (67. Qb8 $17) 67... Nf5+ $19 68. Kh3 Rd4 69. Qb3+ Kg7 70. Qb2 Kh7 71. Qb3 Rxh4+ 72. Kg2 {intending Qf7+.} Kg7 73. Qc3+ Rd4 74. Qc5 Rd5 75. Qc3+ Nd4 76. Qe3 (76. Kf2 $142) 76... Ne6 77. Qc3+ Kf7 78. Qh8 c5 {[%cal Bc6c5,Bc5c4][%mdl 32]} 79. Kf2 c4 80. Qc8 Rd4 81. Ke3 h4 {[%cal Bh5h4,Bh4h3,Bh3h2][%mdl 32]} 82. Qh8 Rd3+ 83. Ke4 $2 (83. Kf2 Rd4 84. Qh7+ Ng7 85. Qh6) 83... Ng7 84. Qc8 h3 85. Kf4 h2 {Black mates.} 86. Qxc4+ Ne6+ 87. Ke5 d6+ {Precision: White = 47%, Black = 65%.} (87... Rd1 $142 88. Qh4 d6+ 89. Ke4 Rd4+ 90. Ke3 Rxh4 91. Kd2 h1=Q 92. Ke2 Nd4+ 93. Ke3 Qxf3+ 94. Kd2 Rh2+ 95. Ke1 Qh1#) 0-1